| 000 | 004520000a22001690004500 | ||
|---|---|---|---|
| 003 | MACL | ||
| 005 | 20160101154230.0 | ||
| 008 | 160101b xxu||||| |||| 00| 0 eng d | ||
| 040 |
_aMACL _cMACL |
||
| 041 | _aEnglish | ||
| 082 | _a362.5/JOS | ||
| 100 |
_aJoshi, Nandini _926582 |
||
| 245 | _aThe Challenge of Poverty | ||
| 260 |
_bArnold Heinemann _c1978 _aNew Delhi |
||
| 650 |
_aSocial Welfare Problems & Services _93698 |
||
| 942 |
_cBK _k362.5/JOS _2ddc |
||
| 999 |
_c33921 _d33921 |
||